| 000 | 00792nam a2200253 a 4500 | ||
|---|---|---|---|
| 001 | BRL_882 | ||
| 005 | 20190320210935.0 | ||
| 008 | 231013s1974----mx-a######---#000-0#eng-# | ||
| 041 | _aeng | ||
| 044 | _amx | ||
| 050 | 4 |
_aNK4031 _b.M85 1974 |
|
| 100 | 1 |
_aMuller, Florencia _924338 |
|
| 245 | 1 | 0 |
_aA guide to mexican Ceramics _cby Florencia Muller and Barbara Hopkins. |
| 260 |
_aMéxico, D.F. _bMinutiae Mexicana _c1974 |
||
| 300 |
_a128 p. _bil. (algunas a color) _c17 cm. |
||
| 440 | 0 |
_aMinutiae Mexicana Series _925230 |
|
| 500 | _aAu1058 | ||
| 500 | _aVer también número de sistema 889 perteneciente al Fondo Ruth Lechuga. | ||
| 650 | 1 | 4 |
_aCerámica mexicana _925231 |
| 650 | 1 | 4 |
_aArte popular _zMéxico _9882 |
| 700 | 1 |
_aHopkins, Barbara _925232 |
|
| 902 | _aGRL | ||
| 942 |
_2lcc _cB |
||
| 999 |
_c9694 _d9694 |
||